Central Library OPAC University of Rajshahi

International aspects of Indian economic development / (Record no. 58834)

MARC details
000 -LEADER
fixed length control field 00963nam a2200265 a 4500
001 - CONTROL NUMBER
control field 58834
003 - CONTROL NUMBER IDENTIFIER
rucl marc code BD-RjUL
005 - DATE AND TIME OF LATEST TRANSACTION
control field 20211209080649.0
008 - FIXED-LENGTH DATA ELEMENTS--GENERAL INFORMATION
fixed length control field 161220s1951 enka 001 0 eng d
035 ## - SYSTEM CONTROL NUMBER
System control number (BD-RjUL)58958
040 ## - CATALOGING SOURCE
Original cataloging agency NUN
Language of cataloging eng
Transcribing agency NUN
Modifying agency ANL
-- BD-RjUL
041 ## - LANGUAGE CODE
Language code of text/sound track or separate title eng
082 04 - DEWEY DECIMAL CLASSIFICATION NUMBER
Edition number 23
Classification number 332.6
Author mark and year LAI 1951
100 1# - MAIN ENTRY--PERSONAL NAME
Personal name Lakdawala, Dansukhlal Tulsidas.
9 (RLIN) 174924
245 10 - TITLE STATEMENT
Title International aspects of Indian economic development /
Statement of responsibility, etc. D.T. Lakdawala, with forward by C.N. Vakil.
260 ## - PUBLICATION, DISTRIBUTION, ETC. (IMPRINT)
Place of publication, distribution, etc. London :
Name of publisher, distributor, etc. Oxford University Press,
Date of publication, distribution, etc. 1951.
300 ## - PHYSICAL DESCRIPTION
Pagination [7], 190 p. :
Illustrations ill. ;
Size 21 cm.
490 1# - SERIES STATEMENT
Series statement Publications: Economics series / University of Bombay ;
Volume/sequential designation no.5
500 ## - GENERAL NOTE
General note Includes index.
650 #0 - SUBJECT ADDED ENTRY--TOPICAL TERM
Topical term or geographic name as entry element Investments, Foreign
Geographic subdivision India.
9 (RLIN) 174925
651 #0 - SUBJECT ADDED ENTRY--GEOGRAPHIC NAME
Geographic name India
General subdivision Economic conditions
Chronological subdivision 1945-
9 (RLIN) 174926
700 1# - ADDED ENTRY--PERSONAL NAME
Personal name Vakil, C. N.
Fuller form of name (Chandulal Nagindas),
Dates associated with a name 1895-.
830 #0 - SERIES ADDED ENTRY--UNIFORM TITLE
Uniform title University of Bombay publications.
Volume number/sequential designation no. 5.
942 ## - ADDED ENTRY ELEMENTS (KOHA)
Source of classification or shelving scheme Dewey Decimal Classification
Koha item type Books
Holdings
Lost status Source of classification or shelving scheme Damaged status Not for loan Collection code Permanent Location Current Location Shelving location Date acquired Source of acquisition Cost, normal purchase price Total Checkouts Full call number Date last seen Copy number Koha item type
  Dewey Decimal Classification   Not For Loan Non-fiction Central Library, University of Rajshahi Central Library, University of Rajshahi Reading Room 12/08/1955 O.U.P. 7.00   332.6 LAI 1951 20/12/2016 C-1 Books